50 besten Bands aller Zeiten - Q-Magazine - Statistiken

Allgemein
  • Dieses Quiz wurde 839 mal gespielt
  • Das Durchschnittsergebnis liegt bei 12 aus 50
Antwortstatistiken
% Korrekt
The Beatles
95%
Rolling Stones
84%
Queen
75%
Metallica
67%
AC/DC
65%
ABBA
59%
Nirvana
59%
Led Zeppelin
50%
Pink Floyd
44%
Guns N' Roses
42%
U2
39%
Genesis
35%
Backstreet Boys
34%
Deep Purple
32%
Oasis
31%
The Police
30%
Bee Gees
29%
Bon Jovi
29%
Aerosmith
26%
Beach Boys
24%
Spice Girls
21%
The Eagles
21%
Van Halen
20%
Red Hot Chili Peppers
19%
Dire Straits
17%
Fleetwood Mac
16%
R.E.M.
15%
'N Sync
14%
Journey
11%
Pearl Jam
11%
Wham!
11%
Status Quo
9%
Boston
8%
Def Leppard
8%
Duran Duran
8%
Supertramp
8%
Santana
7%
UB40
5%
Bob Marley and the Wailers
4%
Bruce Springsteen and the E Street Band
4%
Erasure
4%
Simple Minds
4%
Eurythmics
3%
Wet Wet Wet
3%
Simply Red
2%
The Carpenters
2%
Steve Miller Band
1%
The Shadows
1%
Boyz II Men
0%
Hootie & The Blowfish
0%
Keine übereinstimmenden Quizze gefunden
Verteilung der Resultate
Anzahl Personen mit jedem Resultat
Perzentil nach korrekt beantworteten Fragen
Ihre Resultats-Entwicklung
Sie haben dieses Quiz noch nicht gespielt